Leo Strauss : un criticisme de la preuve (notice n° 1657031)
[ vue normale ]
| 000 -LEADER | |
|---|---|
| fixed length control field | 01661cam a2200169 4500500 |
| 005 - DATE AND TIME OF LATEST TRANSACTION | |
| control field | 20260208010533.0 |
| 041 ## - LANGUAGE CODE | |
| Language code of text/sound track or separate title | fre |
| 042 ## - AUTHENTICATION CODE | |
| Authentication code | dc |
| 100 10 - MAIN ENTRY--PERSONAL NAME | |
| Personal name | Sfez, Gérald |
| Relator term | author |
| 245 00 - TITLE STATEMENT | |
| Title | Leo Strauss : un criticisme de la preuve |
| 260 ## - PUBLICATION, DISTRIBUTION, ETC. | |
| Date of publication, distribution, etc. | 2005.<br/> |
| 500 ## - GENERAL NOTE | |
| General note | 90 |
| 520 ## - SUMMARY, ETC. | |
| Summary, etc. | Leo Strauss : un criticisme de la preuve Cette analyse des textes de Leo Strauss sur « l’art d’écrire » en situation de persécution cherche à en faire ressortir la cohérence et l’intérêt. Sont examinés successivement la question du contexte, les modalités de la preuve, le caractère crypté de la vérité, la position d’infériorité du censeur, la nécessité de mettre plusieurs textes en relation, les rapports de la philosophie et de la foi. L’analyse freudienne du Moïse de Michel-Ange fournit enfin un contre-exemple de la méthode straussienne. |
| 520 ## - SUMMARY, ETC. | |
| Summary, etc. | Leo Strauss : a criticism of evidence This analysis of Leo Strauss’ texts about « the art of writing » in a situation of persecution aims at stressing out their coherence and interest. One after the other, the author studies in depth the concept of context, the modalities of evidence, the encrypted character of truth, the inferiority position of the censor, the need to relate several texts one to another, the relationship between philosophy and faith. The freudian analysis of the Moses by Michaelangelo shows a counter-example of the Straussian method. |
| 786 0# - DATA SOURCE ENTRY | |
| Note | Revue philosophique de la France et de l'étranger | 130 | 1 | 2005-03-01 | p. 3-19 | 0035-3833 |
| 856 41 - ELECTRONIC LOCATION AND ACCESS | |
| Uniform Resource Identifier | <a href="https://shs.cairn.info/revue-philosophique-2005-1-page-3?lang=fr&redirect-ssocas=7080">https://shs.cairn.info/revue-philosophique-2005-1-page-3?lang=fr&redirect-ssocas=7080</a> |
Pas d'exemplaire disponible.




Réseaux sociaux